[Event "Match"]
[Site "www.echecsemail.com"]
[Date "2017.06.13"]
[Round "1"]
[White "Asoka"]
[Black "Woadman62"]
[WhiteElo "2710"]
[BlackElo "2670"]
[Result "1/2-1/2"]
[Round "1"]
1.d4 e6
2.e4 d5
3.exd5 exd5
4.Ng1f3 Bf8d6
5.Bf1d3 Ng8e7
6.O-O O-O
7.b3 Nb8c6
8.c4 Ne7g6
9.cxd5 Nc6b4
10.Nb1c3 Nb4xd3
11.Qd1xd3 b6
12.Bc1d2 f6
{ draw }
1/2-1/2

[Event "Match"]
[Site "www.echecsemail.com"]
[Date "2017.06.13"]
[Round "1"]
[White "Gilliere"]
[Black "Motorhead99"]
[WhiteElo "2150"]
[BlackElo "1860"]
[Result "0-1"]
[Round "1"]
1.d4 d6
2.d5 c6
3.c4 cxd5
4.cxd5 Bc8d7
5.e4 Ng8f6
6.Nb1c3 e5
7.Ng1f3 h6
8.h3 a6
9.Bf1e2 b5
10.b4 Bf8e7
11.Bc1e3 g5
12.Nf3h2 Rh8g8
13.Nh2g4 Nf6xg4
14.Be2xg4 Qd8c8
15.Bg4xd7 Nb8xd7
16.Ra1c1 Qc8b7
17.O-O Nd7b6
18.Be3xb6 Qb7xb6
19.a3 f5
20.Qd1h5 Kd7
21.Qh5xh6 Rg8h8
22.Qh6e6 Ke8
23.Qe6xf5 Rh8f8
24.Qf5g4 Rf8f4
25.Qg4h5 Kd7
26.Qh5d1 Ra8f8
27.Qd1e1 g4
28.Nc3e2 Rf4xe4
29.Rc1c6 Qb6a7
30.hxg4 Re4xg4
31.Rc6c3 Rf8g8
32.Rc3g3 Rg4xg3
33.Ne2xg3 Rg8xg3
34.Kh1 Rg3xa3
35.g3 Qa7d4
36.Qe1c1 Qd4xd5
37.Kg1 Ra3d3
38.Qc1g5 Qd5e6
39.Qg5g7 Rd3f3
40.Qg7h7 Rf3f7
41.Qh7h5 d5
42.Kg2 Rf7f5
43.Qh5h7 Rf5f7
44.Qh7h5 Be7xb4
45.Rf1b1 a5
46.Qh5e2 Kc6
47.Rb1c1 Bb4c5
48.Qe2c2 Qe6d6
49.Qc2d2 Kb6
50.Rc1f1 e4
51.Qd2c1 e3
52.fxe3 Rf7xf1
53.Qc1xf1 Bc5xe3
54.Qf1e2 d4
55.Qe2d3 Qd6f6
56.Qd3e2 Qf6f5
57.g4 Qf5e4
58.Kf1 Qe4h1

0-1

[Event "Match"]
[Site "www.echecsemail.com"]
[Date "2017.06.13"]
[Round "1"]
[White "Karlgrocer"]
[Black "Ketchuplover"]
[WhiteElo "2060"]
[BlackElo "1790"]
[Result "1/2-1/2"]
[Round "1"]
1.Ng1f3 Ng8f6
2.d4 e6
3.e3 c5
4.c3 Bf8e7
5.Bf1e2 O-O
6.O-O b6
7.Nb1d2 Bc8b7
8.a3 a6
9.b4 Nb8c6
10.Bc1b2 Rf8e8
11.Be2d3 d6
12.Qd1e2 cxd4
13.cxd4 Qd8c7
14.Ra1c1 Qc7b8
15.Rc1c2 Re8c8
16.Rf1c1 Nc6d8
17.Rc2xc8 Bb7xc8
18.Nd2e4 Nf6xe4
19.Bd3xe4 Bc8b7
20.Be4xb7 Qb8xb7
21.Qe2d3 Ra8c8
22.Rc1c2 Rc8xc2
23.Qd3xc2 Qb7c6
24.Qc2d2 b5
25.h3 Nd8b7
26.Bb2c3 Be7f6
27.Qd2b2 h6
28.Nf3d2 g6
29.Nd2f1 e5
30.Nf1d2 exd4
31.exd4 Qc6d5
32.Nd2f3 Nb7d8
33.Bc3d2 Kh7
34.Bd2e3 Nd8e6
35.Qb2c3 Qd5b7
36.Nf3d2 d5
{ draw }
1/2-1/2

[Event "Match"]
[Site "www.echecsemail.com"]
[Date "2017.06.13"]
[Round "1"]
[White "Cjood"]
[Black "Krystek23"]
[WhiteElo "1900"]
[BlackElo "2350"]
[Result "0-1"]
[Round "1"]
1.e4 c5
2.c4 e6
3.Nb1c3 Nb8c6
4.Ng1f3 Nc6d4
5.Nf3xd4 cxd4
6.Nc3b5 e5
7.a4 a6
8.Nb5a3 Bf8c5
9.Na3c2 a5
10.Bf1d3 d6
11.b3 Ng8e7
12.Bc1a3 O-O
13.Ba3xc5 dxc5
14.Qd1h5 Rf8e8
15.O-O-O Qd8b6
16.Kb2 Ne7g6
17.g3 Bc8d7
18.Ka3 Ra8a6
19.h3 h6
20.f3 Qb6c7
21.Rd1f1 Ra6f6
22.f4 exf4
23.gxf4 Ng6xf4
24.Qh5f3 Nf4xh3
25.Qf3g2 Rf6xf1
26.Bd3xf1 Nh3f4
27.Qg2g3 Nf4e6
28.Qg3g2 Bd7c6
29.Rh1xh6 Bc6xe4
30.Qg2xe4 gxh6
31.Bf1d3 Qc7h2
32.Qe4h7 Kf8
33.Bd3e4 Qh2xd2
34.Qh7h8 Ke7
35.Qh8e5 Qd2f4
36.Qe5xf4 Ne6xf4
37.Be4xb7 d3
{ resign }
0-1

[Event "1/16 Finale"]
[Site "www.chess-mail.com"]
[Date "2017.06.13"]
[Round "1"]
[White "Sandokam"]
[Black "Fieldfast"]
[WhiteElo "2300"]
[BlackElo "2350"]
[Result "1/2-1/2"]
[Round "1"]
1.e4 e6
2.d4 d5
3.Nb1c3 dxe4
4.f3 Bf8b4
5.Bf1c4 Nb8c6
6.Bc1e3 Ng8f6
7.fxe4 Nf6xe4
8.Ng1e2 Ne4d6
9.Bc4b3 Nc6a5
10.O-O O-O
11.Qd1d3 Na5xb3
12.axb3 Nd6f5
13.Be3f4 a6
14.Nc3e4 Bb4e7
15.Ra1d1 b6
16.Ne2g3 Nf5xg3
17.Qd3xg3 Be7h4
18.Qg3f3 Ra8a7
19.Bf4e5 f5
20.Ne4g3 Bc8b7
21.Qf3e2 Bh4f6
22.d5 Ra7a8
23.dxe6 Qd8e7
24.Be5xf6 Rf8xf6
25.Rd1d7 Qe7xe6
26.Qe2xe6 Rf6xe6
27.Rd7xc7 Bb7e4
28.Ng3xf5 Be4xf5
29.Rf1xf5 Ra8f8
30.Rf5xf8 Kxf8
31.Kf1 Re6f6
32.Ke1 Rf6h6
33.h3 Rh6g6
34.Kf2 Rg6f6
35.Ke3 Rf6g6
36.Kf3 Rg6f6
37.Ke4 Rf6f2
38.g4 Rf2h2
39.Rc7c6 Ke7
40.c4 b5
41.Rc6xa6 Rh2xh3
42.Ra6b6 Rh3xb3
43.cxb5 Rb3xb2
44.Kd5 g6
45.Kc6 h5
46.gxh5 gxh5
47.Rb6a6 h4
48.Ra6a3 Kf6
49.b6 Rb2xb6
50.Kxb6 Kg5
51.Kc5 { draw }
1/2-1/2

[Event "1/128 Finale"]
[Site "www.chess-mail.com"]
[Date "2017.06.13"]
[Round "1"]
[White "Madz123456"]
[Black "Cristiano"]
[WhiteElo "1750"]
[BlackElo "1830"]
[Result "1-0"]
[Round "1"]
1.e4 e5
2.Ng1f3 Nb8c6
3.Bf1b5 a6
4.Bb5a4 Ng8f6
5.d3 Bf8e7
6.Ba4xc6 bxc6
7.Nf3xe5 Bc8b7
8.O-O O-O
9.Nb1c3 d5
10.Rf1e1 d4
11.Nc3e2 c5
12.Ne5c4 a5
13.Ne2g3 Bb7c8
14.a4 Bc8g4
15.Qd1d2 Bg4e6
16.Nc4xa5 Nf6g4
17.Na5c6 { resign }
1-0

[Event "Fast Game"]
[Site "www.echecsemail.com"]
[Date "2017.06.13"]
[Round "1"]
[White "Leonger"]
[Black "Fvdp"]
[WhiteElo "2110"]
[BlackElo "2140"]
[Result "0-1"]
[Round "1"]
1.e4 c5
2.Ng1f3 d6
3.d4 cxd4
4.Nf3xd4 Ng8f6
5.Nb1c3 g6
6.Bf1e2 Bf8g7
7.O-O O-O
8.Bc1g5 Nb8c6
9.Nd4b3 Bc8e6
10.Kh1 Ra8c8
11.f4 a6
12.f5 Be6d7
13.Qd1d2 Nc6e5
14.Ra1d1 b5
15.Bg5xf6 Bg7xf6
16.Nc3d5 Bf6g7
17.c3 Bd7c6
18.Nb3d4 Bc6b7
19.Qd2e3 Rf8e8
20.Nd4f3 Ne5c4
 { time }
0-1

[Event "Tourn. n9414"]
[Site "www.chess-mail.com"]
[Date "2017.06.14"]
[Round "1"]
[White "Cristiano"]
[Black "Maj16"]
[WhiteElo "1820"]
[BlackElo "1779"]
[Result "0-1"]
[Round "1"]
1.e4 c5
2.Ng1f3 Nb8c6
3.d4 cxd4
4.Nf3xd4 e6
5.Nb1c3 Qd8c7
6.Bc1e3 a6
7.a3 b5
8.Bf1e2 Bc8b7
9.O-O Ra8c8
10.Ra1c1 Ng8f6
{ resign }
0-1

[Event "Tourn. n9406"]
[Site "www.chess-mail.com"]
[Date "2017.06.14"]
[Round "1"]
[White "Falcoale"]
[Black "Cristiano"]
[WhiteElo "2020"]
[BlackElo "1930"]
[Result "1-0"]
[Round "1"]
1.e4 e5
2.Ng1f3 Nb8c6
3.b3 Ng8f6
4.d3 Bf8e7
5.Bc1b2 d6
6.h3 Bc8d7
7.Bf1e2 O-O
8.O-O a6
9.Nf3h2 Ra8b8
10.f4 b5
11.fxe5 dxe5
12.Nh2f3 Be7d6
13.Nb1c3 Rf8e8
14.Bb2c1 Qd8c8
15.Kh1 Nc6d4
16.Nf3xd4 exd4
17.Nc3d5 { resign }
1-0

[Event "Tourn. n9307"]
[Site "www.chess-mail.com"]
[Date "2017.06.14"]
[Round "1"]
[White "Falcoale"]
[Black "Picifarkinca"]
[WhiteElo "2000"]
[BlackElo "2010"]
[Result "0-1"]
[Round "1"]
1.e4 c5
2.Ng1f3 Qd8c7
3.Bf1c4 e6
4.O-O Ng8f6
5.d3 Nb8c6
6.Bc1g5 Bf8e7
7.Rf1e1 d6
8.Nb1d2 a6
9.a3 b5
10.Bc4a2 O-O
11.c3 h6
12.Bg5h4 Bc8b7
13.Bh4g3 Nf6h5
14.Ra1c1 Nh5xg3
15.hxg3 Nc6e5
16.Nf3xe5 dxe5
17.Nd2f3 Ra8d8
18.Qd1c2 Rd8d7
19.Qc2e2 Rf8d8
20.Ba2b1 c4
21.d4 exd4
22.Nf3xd4 Be7c5
23.Nd4f3 Bb7c6
24.Bb1c2 Qc7xg3
25.Nf3d4 Bc5xd4
26.cxd4 Qg3g5
27.d5 exd5
28.exd5 Rd7xd5
29.f3 Rd5d2
30.Qe2f1 Qg5c5
31.Kh1 Qc5d4
32.b3 Qd4b2
33.Bc2e4 Bc6xe4
34.Re1xe4 Qb2xc1
35.Qf1xc1 Rd2d1
36.Qc1xd1 Rd8xd1
37.Kh2 c3
38.Re4e8 Kh7
39.Re8c8 Rd1d3
40.Kg3 a5
{ resign }
0-1

[Event "Tourn. n9346"]
[Site "www.chess-mail.com"]
[Date "2017.06.14"]
[Round "1"]
[White "Azulmarino"]
[Black "Pachi"]
[WhiteElo "1570"]
[BlackElo "1600"]
[Result "1-0"]
[Round "1"]
1.e4 e5
2.Ng1f3 d6
3.Bf1c4 h6
4.d3 Bc8g4
5.h3 Bg4xf3
6.Qd1xf3 f6
7.Qf3h5 g6
8.Qh5xg6 Kd7
9.Qg6f5 Ke8
10.Bc4e6 Qd8e7
11.Nb1c3 c6
12.Bc1e3 h5
13.Qf5g6 Kd8
14.Be6xg8 d5
15.exd5 cxd5
16.Nc3xd5 Qe7d6
17.Nd5xf6 Qd6c6
18.Bg8d5 Qc6b6
19.Be3xb6 axb6
20.Qg6e8 Kc7
21.Qe8xe5 Kc8
22.Qe5e6 Kc7
23.Nf6e8 Kd8
24.Qe6f7 Nb8a6
25.Bd5xb7 Ra8a7
26.Ne8d6 Bf8xd6
27.Qf7f6 Kc7
28.Qf6g7 Kb8
29.Qg7xh8 Kxb7
30.Qh8xh5 Na6c5
31.Qh5f7 Ka6
32.b4 Nc5a4
33.Qf7c4 Kb7
34.b5 Bd6e5
35.Qc4c6 Kb8
36.Ra1b1 Be5c3
37.Kf1 Ra7c7
38.Qc6e8 Ka7
39.h4 Bc3f6
40.Rb1b4 Na4c3
41.Rb4f4 Nc3d5
42.Rf4a4 Kb7
43.Qe8a8 { resign }
1-0

[Event "Tourn. n9397"]
[Site "www.chess-mail.com"]
[Date "2017.06.14"]
[Round "1"]
[White "Pachi"]
[Black "Madz123456"]
[WhiteElo "1610"]
[BlackElo "1550"]
[Result "0-1"]
[Round "1"]
1.e4 c5
2.d3 Nb8c6
3.g3 d5
4.Nb1c3 d4
5.Nc3d5 e6
6.Nd5f4 Ng8f6
7.Bf1g2 Bf8e7
8.e5 Nc6xe5
9.Ng1e2 h6
10.c3 g5
11.cxd4 cxd4
12.Qd1a4 Kf8
13.Ne2xd4 gxf4
14.Bc1xf4 Ne5xd3
15.Ke2 Nd3xb2
16.Qa4b4 Be7xb4
17.Ra1b1 Qd8xd4
18.Rb1xb2 Qd4xb2
{ resign }
0-1

[Event "Tourn. n9345"]
[Site "www.chess-mail.com"]
[Date "2017.06.14"]
[Round "1"]
[White "Falcoale"]
[Black "Claymil"]
[WhiteElo "1920"]
[BlackElo "2070"]
[Result "0-1"]
[Round "1"]
1.f4 c5
2.Ng1f3 Nb8c6
3.d3 g6
4.Nb1c3 Bf8g7
5.e4 e6
6.Nc3b5 d5
7.e5 f6
8.Nb5d6 Ke7
9.Nd6xc8 Ra8xc8
10.b3 fxe5
11.Bc1b2 d4
12.fxe5 Nc6xe5
13.Bf1e2 Ng8h6
14.O-O Nh6f5
15.Rf1e1 Nf5e3
16.Qd1b1 Rh8f8
17.Nf3xe5 Bg7xe5
18.Be2f3 Rf8xf3
19.gxf3 Qd8d6
20.Re1e2 Rc8f8
21.Re2xe3 dxe3
22.Bb2xe5 Qd6xe5
23.Qb1f1 Rf8xf3
24.Qf1xf3 Qe5xa1
25.Kg2 Qa1e5
26.Qf3xb7 Kf6
27.Qb7f3 Kg7
28.Qf3g3 Kf6
29.Qg3xe5 Kxe5
30.Kf3 Kd4
31.Ke2 e5
32.a3 a5
33.c4 e4
34.dxe4 Kxe4
35.h3 g5
36.b4 axb4
37.axb4 cxb4
38.c5 b3
39.c6 b2
{ resign }
0-1

[Event "Tourn. n9405"]
[Site "www.chess-mail.com"]
[Date "2017.06.14"]
[Round "1"]
[White "Astroboy"]
[Black "Guidom"]
[WhiteElo "2209"]
[BlackElo "2120"]
[Result "1-0"]
[Round "1"]
1.e4 e5
2.Ng1f3 Nb8c6
3.Bf1c4 d6
4.d4 exd4
5.Nf3xd4 Nc6e5
6.Bc4b3 a6
7.Nb1c3 Ng8f6
8.f3 c5
9.Nd4e2 c4
10.f4 cxb3
11.fxe5 bxc2
12.Qd1xc2 dxe5
13.Bc1g5 Bf8e7
14.Bg5xf6 Be7xf6
15.Nc3d5 O-O
16.Ra1d1 Qd8a5
17.b4 Qa5d8
18.O-O Bc8d7
19.Nd5xf6 gxf6
20.Rd1d6 Qd8e7
21.Qc2c7 Ra8d8
22.Rf1d1 Kg7
23.Rd6xd7 Rd8xd7
24.Rd1xd7 Qe7xb4
25.Ne2c3 h5
26.h4 Qb4b2
27.Qc7c5 Qb2c1
28.Rd7d1 Qc1f4
29.Rd1f1 Qf4xh4
30.Qc5e7 b5
31.Nc3d5 Qh4xe4
32.Qe7xf6 Kh7
33.Rf1f5 Qe4e1
34.Kh2 Qe1e2
35.Qf6xe5 { resign }
1-0

[Event "Tourn. n9371"]
[Site "www.chess-mail.com"]
[Date "2017.06.14"]
[Round "1"]
[White "Tartan"]
[Black "Orhany24"]
[WhiteElo "2400"]
[BlackElo "2230"]
[Result "1-0"]
[Round "1"]
1.e4 e5
2.Ng1f3 Nb8c6
3.Bf1b5 a6
4.Bb5a4 Ng8f6
5.O-O b5
6.Ba4b3 Bf8e7
7.Rf1e1 O-O
8.c3 d6
9.h3 Nc6a5
10.Bb3c2 c5
11.d4 Qd8c7
12.Nb1d2 h6
13.Nd2f1 Nf6h7
14.Nf1e3 Bc8e6
15.Ne3d5 Be6xd5
16.exd5 f5
17.dxe5 dxe5
18.Nf3xe5 Be7d6
19.f4 Nh7f6
20.Bc2xf5 Na5c4
21.Bf5e6 { resign }
1-0

[Event "Tourn. n9389"]
[Site "www.chess-mail.com"]
[Date "2017.06.14"]
[Round "1"]
[White "Cjood"]
[Black "Claymil"]
[WhiteElo "2000"]
[BlackElo "2080"]
[Result "1-0"]
[Round "1"]
1.e4 c5
2.f4 Nb8c6
3.Nb1c3 g6
4.Ng1f3 Bf8g7
5.Nc3e2 e6
6.c3 Ng8e7
7.Ne2g3 a6
8.d3 b5
9.Bc1e3 d6
10.Bf1e2 Bc8b7
11.h4 h5
12.Nf3g5 Qd8d7
13.Rh1f1 f6
14.Ng5f3 O-O-O
15.Qd1d2 Rh8e8
16.Ra1c1 Kb8
17.b4 cxb4
18.cxb4 Rd8c8
19.d4 d5
20.e5 fxe5
21.fxe5 Ne7f5
22.Ng3xf5 exf5
23.Be3g5 Qd7e6
24.a3 Rc8c7
25.Bg5f4 Re8c8
26.Nf3g5 Qe6e7
27.e6 Bg7xd4
28.Bf4xc7 Rc8xc7
29.Rc1xc6 Rc7xc6
30.Qd2xd4 Qe7e8
31.Kf2 Rc6c2
32.Qd4e5 Ka8
33.Ng5f7 Qe8e7
34.Kg1 d4
35.Nf7d6 Bb7c6
36.Qe5h8 { resign }
1-0

[Event "Tourn. n9352"]
[Site "www.chess-mail.com"]
[Date "2017.06.14"]
[Round "1"]
[White "Ssharp"]
[Black "Szustan"]
[WhiteElo "2310"]
[BlackElo "2540"]
[Result "0-1"]
[Round "1"]
1.e4 e5
2.Ng1f3 Nb8c6
3.Bf1c4 Ng8f6
4.Nf3g5 d5
5.exd5 b5
6.Bc4f1 Nc6d4
7.c3 Nf6xd5
8.Ng5xf7 Kxf7
9.cxd4 exd4
10.Qd1f3 Nd5f6
11.Qf3xa8 Bf8c5
12.Qa8c6 Qd8e7
13.Kd1 Bc8d7
14.Qc6a6 Nf6e4
15.Rh1g1 Ne4xf2
16.Kc2 Bd7f5
17.d3 Nf2xd3
18.Bf1xd3 Qe7e2
19.Nb1d2 Qe2xd3
{ resign }
0-1

[Event "Tourn. n9359"]
[Site "www.chess-mail.com"]
[Date "2017.06.14"]
[Round "1"]
[White "Falcoale"]
[Black "Attatroll"]
[WhiteElo "1910"]
[BlackElo "2030"]
[Result "0-1"]
[Round "1"]
1.e4 d6
2.Ng1f3 c5
3.d4 cxd4
4.Nf3xd4 Ng8f6
5.Nb1c3 g6
6.f3 Bf8g7
7.Bf1c4 O-O
8.O-O Nb8c6
9.Bc1e3 Nc6xd4
10.Be3xd4 Bc8d7
11.Nc3d5 Nf6xd5
12.c3 Bg7xd4
13.Qd1xd4 Nd5b6
14.Bc4d3 Bd7c6
15.Ra1d1 Nb6a4
16.c4 Qd8b6
17.Qd4xb6 Na4xb6
18.b3 Ra8c8
19.Bd3e2 Nb6d7
20.Rd1d2 Nd7e5
21.f4 Ne5d7
22.Be2f3 Nd7b6
23.Rd2e2 a5
24.Kf2 a4
25.Kg3 axb3
26.axb3 f6
27.h4 Nb6d7
28.b4 b5
29.e5 Bc6xf3
30.Rf1xf3 fxe5
31.fxe5 Rf8xf3
32.Kxf3 Nd7xe5
{ resign }
0-1

[Event "Tourn. n9258"]
[Site "www.chess-mail.com"]
[Date "2017.06.14"]
[Round "1"]
[White "Norlavuaram"]
[Black "Hundegana"]
[WhiteElo "2080"]
[BlackElo "2050"]
[Result "1-0"]
[Round "1"]
1.e4 c5
2.Ng1f3 d6
3.d4 cxd4
4.Nf3xd4 g6
5.c4 Bf8g7
6.Bf1e2 Ng8f6
7.Nb1c3 Qd8b6
8.Nd4c2 O-O
9.O-O Bc8e6
10.b3 Nb8c6
11.Bc1b2 Ra8d8
12.Ra1c1 a6
13.Nc3a4 Qb6c7
14.Be2f3 b5
15.cxb5 axb5
16.Na4c3 b4
17.Nc3e2 Qc7b6
18.Nc2d4 Nc6xd4
19.Ne2xd4 Be6d7
20.Rf1e1 Rd8c8
21.Qd1d2 Rc8xc1
22.Re1xc1 Rf8c8
23.Rc1xc8 Bd7xc8
24.Qd2c2 Bc8d7
25.h3 h6
26.Nd4e2 e5
27.Ne2c1 Kh7
28.Nc1d3 Nf6e8
29.Bb2c1 Ne8c7
30.Bc1d2 Nc7a6
31.Bd2e3 Qb6c6
32.Qc2xc6 Bd7xc6
33.Be3d2 g5
34.Nd3xb4 Na6xb4
35.Bd2xb4 Bg7f8
36.Kf1 f6
37.Ke2 Kg6
38.Ke3 Bc6b5
39.Bf3e2 Bb5c6
40.f3 f5
41.Be2d3 f4
42.Kf2 h5
43.a4 g4
44.a5 g3
45.Ke2 h4
46.Bb4d2 Kf6
47.b4 Ke7
48.b5 Bc6a8
49.Bd3c4 Kd7
50.Kd3 Kc7
51.Bd2b4 Bf8e7
52.Bc4d5 Kb8
53.Kc4 Ba8b7
54.Bd5xb7 Kxb7
55.Kd5 Kc7
56.b6 Kb7
57.Bb4xd6 Be7g5
58.Bd6xe5 Ka6
59.Kc6 Bg5d8
60.b7 Kxa5
61.b8Q Ka4
62.Qb8xd8 Kb3
63.Kb5 Ka3
64.Qd8a8 Kb3
65.Qa8a4 
1-0

[Event "Match"]
[Site "www.echecsemail.com"]
[Date "2017.06.14"]
[Round "1"]
[White "Cjood"]
[Black "Biggles"]
[WhiteElo "1880"]
[BlackElo "2090"]
[Result "1-0"]
[Round "1"]
1.e4 e5
2.Ng1f3 Nb8c6
3.Bf1c4 Ng8f6
4.Nf3g5 d5
5.exd5 b5
6.Bc4xb5 Qd8xd5
7.Bb5xc6 Qd5xc6
8.O-O Bc8b7
9.f3 Bf8c5
10.Kh1 O-O
11.Nb1c3 h6
12.Ng5e4 Nf6xe4
13.Nc3xe4 Bc5b6
14.b3 f5
15.Ne4c3 e4
16.Bc1a3 Rf8e8
17.d3 e3
18.Nc3e2 Ra8d8
19.Rf1e1 Qc6f6
20.c4 Bb6d4
21.Ra1b1 f4
22.Ne2xd4 Qf6xd4
23.Qd1e2 Qd4xd3
24.Qe2xd3 Rd8xd3
25.Ba3b4 Re8d8
26.h4 Bb7c8
27.Bb4a5 Rd8d7
28.Kh2 c6
29.b4 Rd3d2
30.b5 Rd2xa2
31.bxc6 Rd7d3
32.Ba5c7 Kh7
33.Bc7xf4 Rd3d2
34.Re1g1 Rd2e2
35.Rb1b8 Bc8e6
36.c7 Re2c2
37.c8Q Be6xc8
38.Rb8xc8 e2
39.Bf4g3 Rc2d2
40.Rc8e8 Rd2c2
41.Rg1e1 a5
42.c5 a4
43.c6 Rc2xc6
44.Re1xe2 Ra2a1
45.Re8a8 Rc6c1
46.Bg3e5 Ra1b1
47.Ra8xa4 Rb1b7
48.Be5f4 Rc1d1
49.Ra4e4 Rd1d7
50.g4 g6
51.g5 h5
52.Bf4g3 Rd7f7
53.f4 Rb7b5
54.Re2d2 Rb5f5
55.Rd2d8 Kg7
56.Re4e5 Rf5xe5
57.fxe5 Rf7b7
58.e6 { resign }
1-0

[Event "Match"]
[Site "www.echecsemail.com"]
[Date "2017.06.14"]
[Round "1"]
[White "Yangqi"]
[Black "Chessington"]
[WhiteElo "2750"]
[BlackElo "2530"]
[Result "1/2-1/2"]
[Round "1"]
1.e4 e6
2.d4 d5
3.Nb1c3 Bf8b4
4.e5 c5
5.a3 Bb4a5
6.b4 cxd4
7.Qd1g4 Kf8
8.Nc3b5 Ba5b6
9.Ng1f3 Ng8e7
10.Bc1b2 h5
11.Qg4g5 Ne7f5
12.Qg5xd8 Bb6xd8
13.Bf1d3 { draw }
1/2-1/2

[Event "Match"]
[Site "www.echecsemail.com"]
[Date "2017.06.14"]
[Round "1"]
[White "Ranjachess"]
[Black "Rindrandria"]
[WhiteElo "1900"]
[BlackElo "1650"]
[Result "0-1"]
[Round "1"]
1.Nb1c3 c6
2.d4 e6
3.a3 g5
4.e4 b5
5.Bf1d3 Qd8b6
6.Bc1xg5 Qb6xd4
7.Ng1f3 Qd4g7
8.O-O Ng8e7
9.b4 Qg7xc3
10.a4 Bc8a6
11.Bg5d2 Qc3g7
12.c3 Rh8g8
13.g3 Ba6b7
14.axb5 cxb5
15.Bd3xb5 Bb7xe4
16.Bd2f4 Nb8c6
17.Nf3e5 Ra8d8
18.f3 Nc6xe5
19.fxe4 Ne7c6
20.Qd1a4 Rd8c8
21.Rf1d1 Ne5f3
22.Kg2 Qg7xc3
23.Ra1c1 Nf3h4
24.Kh3 Qc3f3
25.Bb5e2 Qf3xe2
26.Kxh4 Qe2g4

0-1

[Event "Match"]
[Site "www.echecsemail.com"]
[Date "2017.06.14"]
[Round "1"]
[White "Pellix84"]
[Black "Cjood"]
[WhiteElo "2080"]
[BlackElo "1870"]
[Result "1-0"]
[Round "1"]
1.d4 Ng8f6
2.c4 c5
3.d5 e6
4.Nb1c3 exd5
5.cxd5 h6
6.e4 Qd8e7
7.Qd1c2 b6
8.Bf1c4 d6
9.f4 Bc8d7
10.Ng1f3 b5
11.Bc4xb5 Bd7xb5
12.Nc3xb5 Nf6xd5
13.O-O Nd5b4
14.Qc2c4 a6
15.Nb5c3 Nb8d7
16.Rf1e1 Nb4c2
17.Nc3d5 Qe7d8
18.Qc4xc2 Nd7b6
19.b3 f6
20.Nf3h4 Kf7
21.Bc1b2 Nb6xd5
22.exd5 Kg8
23.Re1e6 Ra8a7
24.Nh4g6 Rh8h7
25.Ra1e1 { resign }
1-0

[Event "Match"]
[Site "www.echecsemail.com"]
[Date "2017.06.14"]
[Round "1"]
[White "Bojan"]
[Black "Mitja"]
[WhiteElo "1950"]
[BlackElo "2110"]
[Result "1-0"]
[Round "1"]
1.e4 d5
2.exd5 Qd8xd5
3.Nb1c3 Qd5d8
4.Qd1f3 e6
5.Ng1h3 h6
6.a3 c6
7.Bf1d3 Ng8f6
8.O-O Nb8d7
9.Rf1e1 Qd8c7
10.Bd3e2 b6
11.d4 Bc8b7
12.Bc1f4 Qc7d8
13.Nc3b5 Bf8e7
14.Nb5d6 Be7xd6
15.Bf4xd6 Nf6g8
16.Qf3g3 g6
17.Bd6b4 Ng8e7
18.Bb4c3 Ne7d5
19.Bc3d2 Nd5e7
20.Ra1d1 Ne7f5
21.Qg3c3 Qd8f6
22.Bd2f4 O-O
23.f3 Kh7
24.g4 Nf5g7
25.Qc3e3 g5
26.Be2d3 Kg8
27.Bf4g3 Rf8d8
28.Qe3e4 Nd7f8
29.f4 Rd8xd4
30.Qe4e3 c5
31.c3 Rd4d7
32.fxg5 hxg5
33.Nh3xg5 Nf8g6
34.Re1f1 Qf6e7
35.Rf1xf7 Qe7d8
36.Rf7f1 Ng6f8
37.Bd3c2 Rd7xd1
38.Rf1xd1 Qd8e8
39.Bg3e5 Qe8c6
40.Qe3h3 Nf8d7
41.Qh3h7 Kf8
42.Qh7xg7 Ke8
43.Qg7f7 Kd8
44.Ng5xe6 Kc8
45.Qf7e8 { resign }
1-0

[Event "Match"]
[Site "www.echecsemail.com"]
[Date "2017.06.14"]
[Round "1"]
[White "Azorau"]
[Black "Emmanuel69"]
[WhiteElo "1830"]
[BlackElo "1880"]
[Result "0-1"]
[Round "1"]
1.c4 c5
2.Ng1f3 Ng8f6
3.d4 cxd4
4.Nf3xd4 d6
5.Nb1c3 a6
6.f3 Nb8c6
7.Qd1a4 Bc8d7
8.Qa4d1 g6
9.Bc1g5 Bf8g7
10.Qd1d2 O-O
11.O-O-O Nc6xd4
12.Qd2xd4 Nf6g4
13.fxg4 Bg7xd4
14.Rd1xd4 Kg7
15.h4 h6
16.Bg5e3 Qd8c8
17.b3 Bd7xg4
18.Nc3d1 Bg4f5
19.Be3d2 Qc8c5
20.Bd2c3 f6
21.g4 Qc5c6
22.Rh1g1 Bf5e6
23.Bf1g2 Qc6c5
24.Bg2xb7 Ra8a7
25.Bb7e4 Kh7
26.h5 Be6f7
27.b4 Qc5b6
28.hxg6 Bf7xg6
29.Be4xg6 Kxg6
30.Nd1e3 e6
31.Ne3g2 e5
32.Rd4d1 Ra7c7
33.Ng2h4 Kg5
34.Nh4f3 Kg6
35.Nf3h4 Kh7
36.Nh4f5 Rc7xc4
37.Kc2 Qb6xb4
38.Rg1g3 Qb4a4
39.Kd3 Rc4xg4
40.Rg3xg4 Qa4xg4
41.Nf5e3 e4
42.Kd4 Qg4xe2
43.Rd1d2 Qe2b5
44.Kxe4 Rf8e8
45.Kf3 Qb5c6
46.Ne3d5 Re8e6
47.Kf4 Qc6c4
48.Rd2d4 Qc4f1
49.Kg3 h5
50.Rd4f4 Qf1d3
51.Kh4 Qd3xd5
52.Bc3xf6 Re6e4
{ resign }
0-1

[Event "Match"]
[Site "www.echecsemail.com"]
[Date "2017.06.14"]
[Round "1"]
[White "Billyg"]
[Black "Coraza"]
[WhiteElo "1690"]
[BlackElo "1810"]
[Result "1-0"]
[Round "1"]
1.e4 e5
2.Ng1f3 Nb8c6
3.Bf1b5 Nc6d4
4.Nf3xd4 exd4
5.O-O a6
6.Bb5a4 c5
7.d3 Ng8e7
8.Rf1e1 b5
9.Ba4b3 Ne7g6
10.Qd1f3 Ng6e5
11.Qf3g3 d6
12.Qg3f4 c4
13.dxc4 Bc8e6
14.cxb5 Be6xb3
15.axb3 Ne5g6
16.Qf4g3 Qd8a5
17.Ra1xa5 Bf8e7
18.Qg3f3 Ng6e5
19.Qf3g3 O-O
20.c3 d3
21.Bc1f4 f6
22.Bf4h6 Ne5g6
23.Bh6d2 Rf8d8
24.Qg3xd3 Ng6e5
25.Qd3d5 Kh8
26.Ra5xa6 Ra8b8
27.Bd2f4 Ne5g6
28.Bf4xd6 Ng6f4
29.Qd5d2 g5
30.e5 Rd8e8
31.exf6 Rb8d8
32.fxe7 Rd8c8
33.Ra6c6 Rc8a8
34.Qd2d4 Kg8
35.Qd4c4 Kg7
36.Bd6e5 { resign }
1-0

[Event "Match"]
[Site "www.echecsemail.com"]
[Date "2017.06.14"]
[Round "1"]
[White "Osvalazo"]
[Black "Whitekknight"]
[WhiteElo "1810"]
[BlackElo "1950"]
[Result "1-0"]
[Round "1"]
1.e4 e5
2.Ng1f3 d6
3.h3 Ng8f6
4.Nf3g5 h6
5.Ng5f3 Nf6xe4
6.d3 Ne4f6
7.Nb1c3 Nb8c6
8.Bc1e3 Bc8e6
9.Qd1d2 d5
10.d4 e4
11.Nf3h2 Bf8b4
12.Bf1b5 Be6d7
13.Bb5xc6 Bd7xc6
14.Qd2e2 O-O
15.O-O a6
16.Nc3d1 Bc6b5
17.c4 Bb5xc4
18.Qe2c2 Bc4xf1
19.Nh2xf1 Ra8c8
20.a3 Bb4e7
21.Nf1g3 c6
22.Qc2b3 Qd8c7
23.Ng3e2 b5
24.Be3f4 Be7d6
25.Qb3e3 Bd6xf4
26.Qe3c3 Bf4d6
27.g3 Qc7d7
28.Kg2 Nf6h7
29.Nd1e3 Nh7g5
30.g4 Ng5f3
31.a4 b4
32.Qc3c1 Nf3h4
33.Kh1 Nh4f3
34.b3 Nf3g5
35.Ne2g1 Bd6f4
36.Qc1c5 Bf4xe3
37.fxe3 Rc8b8
38.a5 Rb8b5
39.Qc5c1 Qd7d6
40.Kg2 Rf8c8
41.h4 Ng5e6
42.Ng1e2 Qd6c7
43.Ra1a2 Rb5xa5
44.Ra2c2 Qc7d6
45.Ne2g3 g6
46.h5 Ne6g5
47.hxg6 fxg6
48.Ng3e2 Qd6f6
49.Ne2f4 Ng5f3
50.Qc1h1 Kg7
51.Kf2 Nf3xd4
52.Rc2b2 Nd4e6
53.Kg3 Qf6xb2
54.Nf4xe6 Kf6
55.Ne6d4 Rc8h8
56.Nd4xc6 Ra5c5
57.Qh1f1 Kg7
58.Nc6d4 Rc5c3
59.Nd4e6 { resign }
1-0

[Event "Match"]
[Site "www.echecsemail.com"]
[Date "2017.06.14"]
[Round "1"]
[White "Carazo"]
[Black "Karlgrocer"]
[WhiteElo "1680"]
[BlackElo "2050"]
[Result "0-1"]
[Round "1"]
1.e4 c5
2.Ng1f3 d6
3.Bf1c4 Ng8f6
4.Nf3g5 e6
5.Bc4b5 Bc8d7
6.Qd1e2 Bf8e7
7.Qe2c4 O-O
8.Nb1c3 a6
9.Bb5xd7 Nf6xd7
10.Ng5h3 Nb8c6
11.Qc4e2 Nc6d4
12.Qe2d1 b5
13.O-O Nd7f6
14.Nh3f4 Nf6d7
15.Qd1g4 Nd4xc2
16.Ra1b1 Nc2d4
17.d3 Nd7e5
18.Qg4g3 b4
19.Nf4h5 g6
20.Nc3d1 Rf8e8
21.Rf1e1 Be7h4
22.Qg3e3 gxh5
23.g3 Bh4f6
24.Qe3h6 Ne5f3
25.Kf1 Nf3xe1
26.Kxe1 d5
27.Qh6xh5 dxe4
28.Qh5g4 Kh8
29.Qg4xe4 Qd8d5
30.b3 Ra8d8
31.Qe4xd5 Rd8xd5
32.Nd1e3 Rd5d7
33.Ne3g4 Bf6g7
34.a3 Nd4c2
35.Kd2 Nc2d4
36.Kd1 f5
37.Ng4e3 Nd4f3
38.Ke2 Nf3xh2
39.f3 Rd7f7
40.Kf2 f4
41.Ne3g2 fxg3
42.Ke2 Rf7xf3
43.Ng2h4 Rf3f2
44.Ke1 Bg7c3
45.Kd1 Re8d8
46.Bc1e3 Rd8xd3
47.Kc1 Rd3xe3
48.Kd1 Re3e1
{ resign }
0-1

[Event "Match"]
[Site "www.echecsemail.com"]
[Date "2017.06.14"]
[Round "1"]
[White "Osvalazo"]
[Black "Cal"]
[WhiteElo "1850"]
[BlackElo "1730"]
[Result "1-0"]
[Round "1"]
1.e4 e5
2.Ng1f3 d6
3.Bf1c4 h6
4.c3 Ng8f6
5.d3 c6
6.Qd1b3 Bf8e7
7.Bc4xf7 Kd7
8.O-O b5
9.Bf7e6 Kc7
10.a4 Bc8xe6
11.Qb3xe6 Nb8d7
12.b3 Nd7c5
13.Qe6h3 g5
14.Qh3f5 Nc5xd3
15.axb5 cxb5
16.Nb1a3 Nd3c5
17.Na3xb5 Kb6
18.c4 Nc5xb3
19.Ra1b1 Nb3a5
20.Nb5d4 Kc5
21.Nd4e6 Kc6
22.Ne6xd8 Ra8xd8
23.Qf5e6 Rh8e8
24.Bc1d2 Nf6xe4
25.Qe6d5 Kd7
26.Qd5xe4 Ke6
27.Nf3d4 Kf6
28.Qe4f5 Kg7
29.Nd4e6 Kg8
30.Qf5g6 Kh8
31.Qg6g7 { resign }
1-0

[Event "Match"]
[Site "www.echecsemail.com"]
[Date "2017.06.14"]
[Round "1"]
[White "Coraza8091"]
[Black "Bjonil60"]
[WhiteElo "1450"]
[BlackElo "1450"]
[Result "0-1"]
[Round "1"]
1.e4 e5
2.Ng1f3 Nb8c6
3.Bf1c4 h6
4.c3 Qd8e7
5.O-O g6
6.b4 a6
7.Qd1b3 g5
8.Bc4d5 Nc6a7
9.d3 c6
10.Bd5xf7 Qe7xf7
11.Qb3xf7 Kxf7
12.Nf3xe5 Ke6
13.d4 Na7b5
14.f4 Bf8d6
15.Ne5c4 Bd6c7
16.f5 Ke7
17.Bc1b2 { time. }
0-1